[Event "Tirol-ch"]
[Site "Kramsach"]
[Date "2007.06.24"]
[Round "1.7"]
[White "Noeckl, Gerhard"]
[Black "Babinetz, Rainer"]
[Result "0-1"]
[WhiteElo "1643"]
[BlackElo "2083"]
[PlyCount "48"]
[EventDate "2007.06.24"]
[EventType "swiss"]
[EventRounds "7"]
[EventCountry "AUT"]
[SourceTitle "EXT 2024"]
[Source "ChessBase"]
[SourceDate "2023.10.10"]
[SourceVersion "1"]
[SourceVersionDate "2023.10.10"]
[SourceQuality "1"]

1. d4 d5 2. Nc3 Nf6 3. Nf3 c6 4. Bg5 Nbd7 5. e3 Qa5 6. Be2 Ne4 7. Qd3 e5 8. dxe5 Bb4 9. 0-0 Nxc3 10. bxc3 Bxc3 11. Rab1 Nxe5 12. Nxe5 Bxe5 13. e4 dxe4 14. Qxe4 0-0 15. Bd3 g6 16. Bh6 Bxh2+ 17. Kxh2 Qh5+ 18. Kg1 Qxh6 19. f3 Bf5 20. Qe5 Rfe8 21. Qd4 Red8 22. Qc4 Qe3+ 23. Kh1 Rd4 24. Rbe1 Qh6+ 0-1